[Event "26th 4NCL Congress"]
[Site "Woodland Grange, Leamington Spa"]
[Date "2021.09.11"]
[Round "3"]
[Board "24"]
[White "Bin-Suhayl, Ieysaa"]
[Black "Prince, Alan R"]
[Result "1-0"]
[WhiteElo "2269"]
[BlackElo "1765"]
[PlyCount "111"]
[EventDate "2021.09.10"]
[EventRounds "5"]
[EventCountry "ENG"]

1. Nf3 Nf6 2. c4 g6 3. g3 Bg7 4. Bg2 O-O 5. O-O d6 6. d4 Nbd7 7. Nc3 e5 8. dxe5
dxe5 9. Qc2 c6 10. e4 Qc7 11. b4 a5 12. b5 Re8 13. Rd1 Nc5 14. Be3 Nfd7 15. b6
Qb8 16. Nd2 Ra6 17. Nb3 Bf8 18. Rd2 Nxb3 19. Qxb3 Nc5 20. Qc2 Be6 21. Rad1 Rxb6
22. Bxc5 Bxc5 23. Na4 Rb4 24. Bf1 Bd4 25. a3 Rxa4 26. Qxa4 Qa7 27. Kg2 Qc5 28.
Bd3 Ra8 29. Rf1 Ra6 30. Be2 Rb6 31. f4 Rb2 32. Rxb2 Bxb2 33. Qb3 Bxa3 34. f5
Bc8 35. Rd1 Qf8 36. Qb6 Be7 37. Qxa5 gxf5 38. Qxe5 fxe4 39. Qxe4 Be6 40. Bg4
Qc8 41. Bxe6 Qxe6 42. Qxe6 fxe6 43. Rd7 Kf7 44. Rxb7 Kf6 45. Rc7 c5 46. Kf3 h6
47. h3 Bd6 48. Rc6 Ke5 49. Rxd6 Kxd6 50. Kf4 Ke7 51. Ke5 Kf7 52. g4 Ke7 53. h4
Kf7 54. Kd6 Kf6 55. Kxc5 e5 56. Kd5  1-0

[Event "26th 4NCL Congress"]
[Site "Woodland Grange, Leamington Spa"]
[Date "2021.09.11"]
[Round "3"]
[Board "25"]
[White "Faulkner, Martin J"]
[Black "Starley, Robert"]
[Result "0-1"]
[WhiteElo "1988"]
[BlackElo "2161"]
[PlyCount "66"]
[EventDate "2021.09.10"]
[EventRounds "5"]
[EventCountry "ENG"]

1. c4 Nf6 2. Nc3 e5 3. Nf3 Nc6 4. g3 Bc5 5. Bg2 d6 6. O-O a6 7. d3 O-O 8. a3 h6
9. Nd2 Bg4 10. h3 Bh5 11. Nce4 Nxe4 12. Nxe4 Bd4 13. g4 Bg6 14. e3 Bb6 15. Ng3
Qh4 16. Nf5 Qf6 17. Be4 Rab8 18. Qf3 Kh8 19. Kh2 Nd8 20. Bd2 Ne6 21. Qg3 Nc5
22. Rab1 Qe6 23. b3 c6 24. b4 Nxe4 25. dxe4 Qxc4 26. Nxd6 Qd3 27. Rbd1 Qxd6 28.
Bc3 Qe6 29. Bxe5 Rbd8 30. Qf4 f6 31. Bb2 Qxe4 32. Qg3 Rxd1 33. Rxd1 Qc2  0-1

[Event "26th 4NCL Congress"]
[Site "Woodland Grange, Leamington Spa"]
[Date "2021.09.11"]
[Round "3"]
[Board "26"]
[White "Gardiner, Eric D"]
[Black "Hymer, Barry J"]
[Result "1-0"]
[WhiteElo "2103"]
[BlackElo "1983"]
[PlyCount "75"]
[EventDate "2021.09.10"]
[EventRounds "5"]
[EventCountry "ENG"]

1. e4 d6 2. d4 Nf6 3. Nc3 Nbd7 4. Nf3 e5 5. Bc4 Be7 6. O-O c6 7. a4 O-O 8. Re1
b6 9. h3 Qc7 10. Qe2 a6 11. dxe5 Nxe5 12. Nxe5 dxe5 13. Bg5 Bb7 14. Red1 b5 15.
axb5 axb5 16. Bxf6 Bxf6 17. Bb3 Qb6 18. Rxa8 Rxa8 19. Rd7 Rf8 20. Qh5 g6 21.
Qf3 Kg7 22. Rd6 Be7 23. Nd5 Qd4 24. Rd7 cxd5 25. Rxb7 dxe4 26. Qe2 Bc5 27. Rxb5
f5 28. c3 Qd3 29. Qxd3 exd3 30. Rxc5 Rb8 31. Bd1 Rxb2 32. Rxe5 Rb1 33. Re1 d2
34. Rf1 Rc1 35. f3 Rxc3 36. Kf2 Rc7 37. Ke2 Rd7 38. Bc2  1-0

[Event "26th 4NCL Congress"]
[Site "Woodland Grange, Leamington Spa"]
[Date "2021.09.11"]
[Round "3"]
[Board "27"]
[White "Burrows, Nick"]
[Black "Khoury, Theo"]
[Result "1-0"]
[WhiteElo "2066"]
[BlackElo "1947"]
[PlyCount "63"]
[EventDate "2021.09.10"]
[EventRounds "5"]
[EventCountry "ENG"]

1. c4 Nf6 2. g3 g6 3. Bg2 Bg7 4. Nf3 O-O 5. O-O c5 6. Nc3 Nc6 7. d4 cxd4 8.
Nxd4 a6 9. c5 Qc7 10. Nb3 Rd8 11. Bf4 e5 12. Bg5 Re8 13. Rc1 h6 14. Bxf6 Bxf6
15. Nd5 Qd8 16. Nxf6+ Qxf6 17. Qd2 Kg7 18. Rfd1 Qe7 19. Na5 f5 20. Nc4 e4 21.
Nb6 Rb8 22. f3 e3 23. Qc3+ Qe5 24. Qxe5+ Nxe5 25. f4 Ng4 26. Nxc8 Rbxc8 27.
Rxd7+ Kf6 28. Bxb7 Rb8 29. c6 Ke6 30. Rcd1 Re7 31. Rxe7+ Kxe7 32. c7  1-0

[Event "26th 4NCL Congress"]
[Site "Woodland Grange, Leamington Spa"]
[Date "2021.09.11"]
[Round "3"]
[Board "28"]
[White "Bansal, Saahil"]
[Black "Zheng, Harry Z"]
[Result "1-0"]
[WhiteElo "2019"]
[BlackElo "1915"]
[PlyCount "140"]
[EventDate "2021.09.10"]
[EventRounds "5"]
[EventCountry "ENG"]

1. d4 Nf6 2. c4 e6 3. Nf3 b6 4. g3 Ba6 5. b3 Bb4+ 6. Bd2 Be7 7. Bg2 c6 8. Bc3
d5 9. Nbd2 O-O 10. Ne5 Nfd7 11. Ndf3 Nxe5 12. Nxe5 f6 13. Nd3 dxc4 14. Nf4 Qd6
15. d5 exd5 16. Nxd5 Bb7 17. Nxe7+ Qxe7 18. bxc4 c5 19. Bd5+ Kh8 20. O-O Bxd5
21. Qxd5 Nd7 22. Rad1 Rfd8 23. Qb7 Qe6 24. Rd5 Rab8 25. Qxa7 Ra8 26. Qc7 Rac8
27. Qf4 Ne5 28. Bxe5 Rxd5 29. cxd5 Qxe5 30. Qxe5 fxe5 31. Rb1 Rb8 32. e4 g5 33.
Kf1 b5 34. Ke2 c4 35. Kd2 b4 36. a3 b3 37. Kc3 Rc8 38. d6 Kg7 39. Rd1 Kf6 40.
d7 Rd8 41. Kxc4 b2 42. Kc5 Rxd7 43. Rb1 Ra7 44. Kb4 Ke6 45. Rxb2 Kd6 46. a4
Rb7+ 47. Ka3 Ra7 48. Rb5 Rf7 49. Rd5+ Kc6 50. Rd2 Kc5 51. a5 Kb5 52. Rd5+ Ka6
53. Rxe5 Rxf2 54. Rxg5 Rxh2 55. Kb4 Re2 56. e5 Re4+ 57. Kc5 Kxa5 58. Kd5 Re3
59. Kd4 Re1 60. e6+ Kb6 61. Re5 Rd1+ 62. Ke4 Rd8 63. e7 Re8 64. Kf5 Kc7 65. Ke6
h5 66. Kf7 Kd6 67. Kxe8 Kxe5 68. Kd7 Kf5 69. e8=Q Kg4 70. Qg6+ Kh3  1-0

[Event "26th 4NCL Congress"]
[Site "Woodland Grange, Leamington Spa"]
[Date "2021.09.11"]
[Round "3"]
[Board "29"]
[White "Phillips, Max P"]
[Black "Holt, Philip J"]
[Result "0-1"]
[WhiteElo "1638"]
[BlackElo "2207"]
[PlyCount "42"]
[EventDate "2021.09.10"]
[EventRounds "5"]
[EventCountry "ENG"]

1. e4 d6 2. d4 g6 3. Nc3 Bg7 4. Be3 a6 5. a4 Nf6 6. h3 O-O 7. Qd2 Nc6 8. Nf3 e5
9. Bc4 exd4 10. Nxd4 Re8 11. f3 d5 12. Nxd5 Nxd5 13. Bxd5 Nxd4 14. O-O-O c5 15.
h4 Qb6 16. Bxd4 cxd4 17. h5 Be6 18. hxg6 hxg6 19. f4 Bxd5 20. exd5 Rac8 21. f5
d3  0-1

[Event "26th 4NCL Congress"]
[Site "Woodland Grange, Leamington Spa"]
[Date "2021.09.11"]
[Round "3"]
[Board "30"]
[White "De Coverly, Roger D"]
[Black "Nandi, Robin J"]
[Result "0-1"]
[WhiteElo "2021"]
[BlackElo "1937"]
[PlyCount "136"]
[EventDate "2021.09.10"]
[EventRounds "5"]
[EventCountry "ENG"]

1. e4 e5 2. Nf3 Nc6 3. Bb5 a6 4. Ba4 Nf6 5. O-O Be7 6. Re1 b5 7. Bb3 d6 8. c3
O-O 9. d4 Bg4 10. d5 Nb8 11. h3 Bc8 12. Nbd2 Bb7 13. Nf1 Nbd7 14. Ng3 c6 15.
dxc6 Bxc6 16. Qe2 Qc7 17. Bd2 Nc5 18. Bc2 Rfe8 19. Rad1 h6 20. b4 Ncd7 21. Bb3
Bf8 22. Bc1 Bb7 23. Bb2 Nb6 24. Nd2 Rac8 25. Nh5 Nxh5 26. Qxh5 d5 27. Qg4 Rcd8
28. exd5 Bxd5 29. Ne4 Re6 30. Bxd5 Rxd5 31. Rxd5 Nxd5 32. Qf3 Re8 33. Ng3 Nb6
34. Qg4 Qc8 35. Qxc8 Nxc8 36. f4 Bd6 37. Ne4 Kf8 38. f5 f6 39. Bc1 Rd8 40. Be3
Ke7 41. Kf2 Kd7 42. Rd1 Kc6 43. Ke2 Ne7 44. g4 Nd5 45. Bd2 Rd7 46. Kf3 Nb6 47.
Be1 Na4 48. h4 Be7 49. Rxd7 Kxd7 50. Bd2 Kc6 51. g5 hxg5 52. hxg5 fxg5 53. Kg4
Kd5 54. Nxg5 Bxg5 55. Kxg5 Nb6 56. Be3 Nc4 57. Bc5 Ke4 58. Bf8 Ne3 59. Bxg7
Nxf5 60. Bh8 Ne3 61. Kf6 Nc4 62. Ke6 Kf4 63. Kd5 e4 64. Bd4 e3 65. Kc6 Kf3 66.
Bxe3 Kxe3 67. Kb7 Kd3 68. Kxa6 Na3  0-1

[Event "26th 4NCL Congress"]
[Site "Woodland Grange, Leamington Spa"]
[Date "2021.09.11"]
[Round "3"]
[Board "31"]
[White "Sheikh, Anum"]
[Black "Sandhu, Manvith"]
[Result "1/2-1/2"]
[WhiteElo "1990"]
[BlackElo "1928"]
[PlyCount "73"]
[EventDate "2021.09.10"]
[EventRounds "5"]
[EventCountry "ENG"]

1. e4 c5 2. Nf3 e6 3. d4 cxd4 4. Nxd4 a6 5. Nc3 Qc7 6. Be2 Nf6 7. a3 Be7 8. Be3
d6 9. O-O O-O 10. f4 Nbd7 11. Nb3 b6 12. Bf3 Bb7 13. Qe1 Rfe8 14. Rd1 Rad8 15.
g4 Nc5 16. Nxc5 dxc5 17. Rxd8 Rxd8 18. g5 Ne8 19. Bg4 Nd6 20. f5 exf5 21. exf5
Nc4 22. Bf4 Bd6 23. Ne2 Ne3 24. Bxe3 Bxh2+ 25. Kf2 Qc6 26. Rg1 Bxg1+ 27. Qxg1
Qe4 28. Qg3 Re8 29. f6 Bc8 30. Bxc8 Rxc8 31. Qh3 Re8 32. c3 Qe5 33. fxg7 Kxg7
34. Nf4 Qe4 35. Nh5+ Kh8 36. Nf6 Qc2+ 37. Kf3  1/2-1/2

[Event "26th 4NCL Congress"]
[Site "Woodland Grange, Leamington Spa"]
[Date "2021.09.11"]
[Round "3"]
[Board "32"]
[White "Ivan, Austin"]
[Black "Shearsby, Jude"]
[Result "0-1"]
[WhiteElo "1758"]
[BlackElo "1988"]
[PlyCount "76"]
[EventDate "2021.09.10"]
[EventRounds "5"]
[EventCountry "ENG"]

1. d4 Nf6 2. Nc3 g6 3. Bf4 d6 4. e4 Bg7 5. h4 h5 6. f3 O-O 7. Qd2 Nbd7 8. O-O-O
c5 9. dxc5 Nxc5 10. e5 Ne8 11. exd6 exd6 12. Bxd6 Nxd6 13. Qxd6 Qa5 14. Nge2
Be6 15. a3 Rad8 16. Qf4 Rxd1+ 17. Nxd1 Rc8 18. Kb1 Qe1 19. Qd6 Bf6 20. Nc1 Rd8
21. Qxc5 Rxd1 22. Bc4 Rxc1+ 23. Ka2 Bxc4+ 24. Qxc4 Qxh1 25. Qc8+ Kg7 26. g4
Ra1+ 27. Kb3 Qxf3+ 28. c3 Qd5+ 29. Qc4 Qxc4+ 30. Kxc4 hxg4 31. h5 g3 32. hxg6
g2 33. gxf7 g1=Q 34. f8=Q+ Kxf8 35. b4 Qf1+ 36. Kd5 Qf5+ 37. Kd6 Rd1+ 38. Kc7
Qd7+  0-1

[Event "26th 4NCL Congress"]
[Site "Woodland Grange, Leamington Spa"]
[Date "2021.09.11"]
[Round "3"]
[Board "33"]
[White "Gibbs, Dominic V"]
[Black "Miller, George I"]
[Result "1-0"]
[WhiteElo "1967"]
[BlackElo "1915"]
[PlyCount "43"]
[EventDate "2021.09.10"]
[EventRounds "5"]
[EventCountry "ENG"]

1. e4 d6 2. Nc3 Nf6 3. f4 c6 4. Nf3 Nbd7 5. d4 e5 6. Be2 Qc7 7. O-O Be7 8. Kh1
b5 9. dxe5 dxe5 10. fxe5 Ng4 11. Bf4 f6 12. Nd4 Ngxe5 13. Ne6 Qa5 14. Nxg7+ Kf7
15. Nf5 b4 16. Nb5 Ba6 17. Nbd6+ Bxd6 18. Qxd6 Bxe2 19. Qxd7+ Kg6 20. Qg7+ Kh5
21. Qh6+ Kg4 22. h3#  1-0

[Event "26th 4NCL Congress"]
[Site "Woodland Grange, Leamington Spa"]
[Date "2021.09.12"]
[Round "4"]
[Board "1"]
[White "Clarke, Brandon Gi"]
[Black "Clarke, James"]
[Result "1-0"]
[WhiteElo "2520"]
[BlackElo "1833"]
[PlyCount "0"]
[EventDate "2021.09.10"]
[EventRounds "5"]
[EventCountry "ENG"]

1. e4 {[%clk 01:28:56]} {[%emt 00:02:03]} c5 {[%clk 01:30:17]} {[%emt
00:00:44]} 2. Nf3 {[%clk 01:29:17]} {[%emt 00:00:08]} d6 {[%clk 01:30:39]}
{[%emt 00:00:09]} 3. d4 {[%clk 01:29:41]} {[%emt 00:00:05]} cxd4 {[%clk
01:31:07]} {[%emt 00:00:02]} 4. Nxd4 {[%clk 01:30:03]} {[%emt 00:00:08]} Nf6
{[%clk 01:31:33]} {[%emt 00:00:04]} 5. Nc3 {[%clk 01:30:24]} {[%emt 00:00:09]}
a6 {[%clk 01:32:00]} {[%emt 00:00:03]} 6. f3 {[%clk 01:29:45]} {[%emt
00:01:09]} e5 {[%clk 01:32:25]} {[%emt 00:00:05]} 7. Nb3 {[%clk 01:30:10]}
{[%emt 00:00:05]} Be6 {[%clk 01:32:51]} {[%emt 00:00:04]} 8. Be3 {[%clk
01:30:32]} {[%emt 00:00:08]} h5 {[%clk 01:33:16]} {[%emt 00:00:05]} 9. Qd2
{[%clk 01:29:59]} {[%emt 00:01:02]} Nbd7 {[%clk 01:33:40]} {[%emt 00:00:06]} 10.
O-O-O {[%clk 01:24:50]} {[%emt 00:05:39]} Be7 {[%clk 01:34:06]} {[%emt
00:00:04]} 11. Kb1 {[%clk 01:24:41]} {[%emt 00:00:39]} Rc8 {[%clk 01:34:33]}
{[%emt 00:00:04]} 12. h3 {[%clk 01:24:23]} {[%emt 00:00:47]} b5 {[%clk
01:34:53]} {[%emt 00:00:11]} 13. Bd3 {[%clk 01:24:42]} {[%emt 00:00:10]} h4
{[%clk 01:35:09]} {[%emt 00:00:14]} 14. Rhe1 {[%clk 01:24:25]} {[%emt
00:00:46]} Nh5 {[%clk 01:30:09]} {[%emt 00:05:31]} 15. Nd5 {[%clk 01:18:35]}
{[%emt 00:06:20]} Bxd5 {[%clk 01:27:02]} {[%emt 00:03:38]} 16. exd5 {[%clk
01:19:02]} {[%emt 00:00:03]} Nb6 {[%clk 01:26:40]} {[%emt 00:00:51]} 17. Qa5
{[%clk 01:12:54]} {[%emt 00:06:38]} Nxd5 {[%clk 01:23:13]} {[%emt 00:03:57]} 18.
Bxb5+ {[%clk 01:10:59]} {[%emt 00:02:26]} Kf8 {[%clk 01:23:37]} {[%emt
00:00:06]} 19. Qxd8+ {[%clk 01:07:53]} {[%emt 00:03:36]} Rxd8 {[%clk 01:20:37]}
{[%emt 00:03:30]} 20. Rxd5 {[%clk 01:08:15]} {[%emt 00:00:08]} Nf6 {[%clk
01:20:40]} {[%emt 00:00:26]} 21. Bc4 {[%clk 01:08:04]} {[%emt 00:00:41]} Nxd5
{[%clk 01:20:07]} {[%emt 00:01:03]} 22. Bxd5 {[%clk 01:08:31]} {[%emt
00:00:03]} Rh5 {[%clk 01:19:02]} {[%emt 00:01:34]} 23. Na5 {[%clk 01:05:18]}
{[%emt 00:03:44]} Bg5 {[%clk 01:18:18]} {[%emt 00:01:14]} 24. Nc6 {[%clk
01:05:06]} {[%emt 00:00:42]} Rc8 {[%clk 01:17:37]} {[%emt 00:01:11]} 25. Bb6
{[%clk 01:00:06]} {[%emt 00:05:30]} Bd2 {[%clk 01:10:51]} {[%emt 00:07:15]} 26.
Re2 {[%clk 01:00:09]} {[%emt 00:00:28]} Bf4 {[%clk 01:11:16]} {[%emt 00:00:05]}
27. c4 {[%clk 01:00:16]} {[%emt 00:00:23]} g6 {[%clk 01:07:27]} {[%emt
00:04:19]} 28. a4 {[%clk 01:00:18]} {[%emt 00:00:28]} Kg7 {[%clk 01:07:25]}
{[%emt 00:00:32]} 29. b4 {[%clk 01:00:26]} {[%emt 00:00:23]} Rg5 {[%clk
01:06:54]} {[%emt 00:01:00]} 30. a5 {[%clk 01:00:37]} {[%emt 00:00:19]} Re8
{[%clk 01:06:03]} {[%emt 00:01:20]} 31. Kc2 {[%clk 00:58:55]} {[%emt 00:02:12]}
Rg3 {[%clk 01:05:38]} {[%emt 00:00:56]} 32. b5 {[%clk 00:57:06]} {[%emt
00:02:19]} axb5 {[%clk 01:05:03]} {[%emt 00:01:05]} 33. cxb5 {[%clk 00:57:34]}
{[%emt 00:00:03]} e4 {[%clk 01:03:17]} {[%emt 00:02:16]} 34. Bd4+ {[%clk
00:55:23]} {[%emt 00:02:39]} f6 {[%clk 01:03:19]} {[%emt 00:00:29]} 35. Bxe4
{[%clk 00:53:58]} {[%emt 00:01:55]} d5 {[%clk 01:03:39]} {[%emt 00:00:10]} 36.
Bd3 {[%clk 00:54:22]} {[%emt 00:00:05]} Rxe2+ {[%clk 01:04:04]} {[%emt
00:00:06]} 37. Bxe2 {[%clk 00:54:50]} {[%emt 00:00:02]} Rxg2 {[%clk 01:04:25]}
{[%emt 00:00:08]} 38. Kd3 {[%clk 00:55:10]} {[%emt 00:00:11]} Be5 {[%clk
01:02:04]} {[%emt 00:02:51]} 39. Nxe5 {[%clk 00:55:26]} {[%emt 00:00:14]} fxe5
{[%clk 01:02:03]} {[%emt 00:00:31]} 40. Bxe5+ {[%clk 00:55:53]} {[%emt
00:00:03]} Kf7 {[%clk 01:02:25]} {[%emt 00:00:08]} 41. b6 {[%clk 00:56:14]}
{[%emt 00:00:10]} Rg1 {[%clk 01:02:32]} {[%emt 00:00:22]} 42. b7 {[%clk
00:56:29]} {[%emt 00:00:15]}  1-0

[Event "26th 4NCL Congress"]
[Site "Woodland Grange, Leamington Spa"]
[Date "2021.09.12"]
[Round "4"]
[Board "2"]
[White "Lalic, Peter D"]
[Black "Hebden, Mark L"]
[Result "0-1"]
[WhiteElo "2253"]
[BlackElo "2544"]
[PlyCount "0"]
[EventDate "2021.09.10"]
[EventRounds "5"]
[EventCountry "ENG"]

1. d3 {[%clk 01:28:13]} {[%emt 00:02:46]} e5 {[%clk 01:29:00]} {[%emt
00:02:00]} 2. g3 {[%clk 01:22:16]} {[%emt 00:06:27]} f5 {[%clk 01:28:01]}
{[%emt 00:01:29]} 3. Bg2 {[%clk 01:16:34]} {[%emt 00:06:13]} Nf6 {[%clk
01:28:00]} {[%emt 00:00:30]} 4. Nh3 {[%clk 01:15:39]} {[%emt 00:01:26]} Nc6
{[%clk 01:24:37]} {[%emt 00:03:52]} 5. O-O {[%clk 01:10:26]} {[%emt 00:05:40]}
d5 {[%clk 01:22:36]} {[%emt 00:02:34]} 6. c4 {[%clk 01:08:46]} {[%emt
00:02:11]} dxc4 {[%clk 01:18:28]} {[%emt 00:04:38]} 7. dxc4 {[%clk 01:02:57]}
{[%emt 00:06:18]} Qxd1 {[%clk 01:17:10]} {[%emt 00:01:48]} 8. Rxd1 {[%clk
01:03:23]} {[%emt 00:00:05]} Bd7 {[%clk 01:17:16]} {[%emt 00:00:24]} 9. Nc3
{[%clk 00:57:15]} {[%emt 00:06:38]} h6 {[%clk 01:16:00]} {[%emt 00:01:45]} 10.
f3 {[%clk 00:34:06]} {[%emt 00:23:41]} Bc5+ {[%clk 01:14:04]} {[%emt 00:02:24]}
11. e3 {[%clk 00:28:09]} {[%emt 00:06:27]} O-O-O {[%clk 01:13:01]} {[%emt
00:01:32]} 12. a3 {[%clk 00:26:03]} {[%emt 00:02:38]} a5 {[%clk 01:11:41]}
{[%emt 00:01:49]} 13. Nf2 {[%clk 00:23:32]} {[%emt 00:03:01]} Be6 {[%clk
01:10:47]} {[%emt 00:01:24]} 14. Nd3 {[%clk 00:20:38]} {[%emt 00:03:24]} Ba7
{[%clk 01:03:49]} {[%emt 00:07:29]} 15. b3 {[%clk 00:20:58]} {[%emt 00:00:10]}
Rd7 {[%clk 01:03:36]} {[%emt 00:00:43]} 16. Kf1 {[%clk 00:20:19]} {[%emt
00:01:03]} Rhd8 {[%clk 01:03:09]} {[%emt 00:01:01]} 17. Ke2 {[%clk 00:20:41]}
{[%emt 00:00:09]} g5 {[%clk 00:58:03]} {[%emt 00:05:37]} 18. Bb2 {[%clk
00:19:45]} {[%emt 00:01:26]} f4 {[%clk 00:54:04]} {[%emt 00:04:28]} 19. Nxe5
{[%clk 00:16:49]} {[%emt 00:03:24]} Nxe5 {[%clk 00:54:04]} {[%emt 00:00:32]} 20.
Nb5 {[%clk 00:17:07]} {[%emt 00:00:13]} Bxe3 {[%clk 00:52:17]} {[%emt
00:02:16]} 21. Bxe5 {[%clk 00:16:26]} {[%emt 00:01:10]} Rd2+ {[%clk 00:51:57]}
{[%emt 00:00:50]} 22. Rxd2 {[%clk 00:10:52]} {[%emt 00:06:04]} Rxd2+ {[%clk
00:52:20]} {[%emt 00:00:08]} 23. Kf1 {[%clk 00:10:07]} {[%emt 00:01:12]} Bf5
{[%clk 00:50:45]} {[%emt 00:02:07]} 24. Bxf6 {[%clk 00:05:40]} {[%emt
00:04:57]} Bd3+ {[%clk 00:51:02]} {[%emt 00:00:13]}  0-1

[Event "26th 4NCL Congress"]
[Site "Woodland Grange, Leamington Spa"]
[Date "2021.09.12"]
[Round "4"]
[Board "3"]
[White "Carroll, Thomas"]
[Black "Wells, Peter K"]
[Result "0-1"]
[WhiteElo "2223"]
[BlackElo "2428"]
[PlyCount "0"]
[EventDate "2021.09.10"]
[EventRounds "5"]
[EventCountry "ENG"]

1. d4 {[%clk 01:30:59]} {[%emt 00:00:01]} Nf6 {[%clk 01:22:13]} {[%emt
00:08:46]} 2. Bg5 {[%clk 01:31:22]} {[%emt 00:00:07]} d5 {[%clk 01:22:30]}
{[%emt 00:00:14]} 3. Nd2 {[%clk 01:31:47]} {[%emt 00:00:05]} c5 {[%clk
01:22:32]} {[%emt 00:00:26]} 4. e3 {[%clk 01:32:13]} {[%emt 00:00:05]} Nc6
{[%clk 01:22:20]} {[%emt 00:00:42]} 5. Ngf3 {[%clk 01:32:22]} {[%emt 00:00:21]}
cxd4 {[%clk 01:21:44]} {[%emt 00:01:06]} 6. exd4 {[%clk 01:30:32]} {[%emt
00:02:21]} Qb6 {[%clk 01:19:36]} {[%emt 00:02:37]} 7. Nb3 {[%clk 01:26:15]}
{[%emt 00:04:47]} Bg4 {[%clk 01:18:26]} {[%emt 00:01:39]} 8. h3 {[%clk
01:17:31]} {[%emt 00:09:15]} Bxf3 {[%clk 01:02:29]} {[%emt 00:16:27]} 9. Qxf3
{[%clk 01:16:59]} {[%emt 00:01:02]} Ne4 {[%clk 01:02:30]} {[%emt 00:00:28]} 10.
Be3 {[%clk 01:11:25]} {[%emt 00:06:04]} a5 {[%clk 00:53:16]} {[%emt 00:09:43]}
11. Bd3 {[%clk 00:42:13]} {[%emt 00:29:43]} a4 {[%clk 00:52:23]} {[%emt
00:01:23]} 12. Nd2 {[%clk 00:36:48]} {[%emt 00:05:55]} Nxd2 {[%clk 00:37:29]}
{[%emt 00:15:23]} 13. Bxd2 {[%clk 00:32:16]} {[%emt 00:05:03]} e6 {[%clk
00:23:23]} {[%emt 00:14:35]} 14. c3 {[%clk 00:25:58]} {[%emt 00:06:49]} Be7
{[%clk 00:16:56]} {[%emt 00:06:57]} 15. Rb1 {[%clk 00:25:35]} {[%emt 00:00:53]}
O-O {[%clk 00:17:13]} {[%emt 00:00:13]} 16. O-O {[%clk 00:25:34]} {[%emt
00:00:30]} Bf6 {[%clk 00:13:01]} {[%emt 00:04:43]} 17. Bf4 {[%clk 00:22:51]}
{[%emt 00:03:12]} Rfc8 {[%clk 00:12:05]} {[%emt 00:01:26]} 18. Rfe1 {[%clk
00:22:32]} {[%emt 00:00:49]} Qd8 {[%clk 00:11:20]} {[%emt 00:01:16]} 19. a3
{[%clk 00:22:07]} {[%emt 00:00:56]} Na5 {[%clk 00:10:26]} {[%emt 00:01:23]} 20.
Be5 {[%clk 00:14:41]} {[%emt 00:07:55]} Bxe5 {[%clk 00:04:10]} {[%emt
00:06:47]} 21. Rxe5 {[%clk 00:14:51]} {[%emt 00:00:20]} Nc4 {[%clk 00:03:48]}
{[%emt 00:00:52]} 22. Re2 {[%clk 00:15:08]} {[%emt 00:00:12]} Nd6 {[%clk
00:03:56]} {[%emt 00:00:22]} 23. Qg4 {[%clk 00:13:24]} {[%emt 00:02:14]} b5
{[%clk 00:03:10]} {[%emt 00:01:17]} 24. h4 {[%clk 00:11:24]} {[%emt 00:02:30]}
Rab8 {[%clk 00:03:08]} {[%emt 00:00:33]} 25. Re5 {[%clk 00:09:40]} {[%emt
00:02:13]} Qf6 {[%clk 00:02:48]} {[%emt 00:00:50]} 26. f4 {[%clk 00:05:58]}
{[%emt 00:04:11]} Nc4 {[%clk 00:00:40]} {[%emt 00:02:39]} 27. Re2 {[%clk
00:06:23]} {[%emt 00:00:05]} g6 {[%clk 00:00:44]} {[%emt 00:00:27]} 28. Qg5
{[%clk 00:01:46]} {[%emt 00:05:06]} Qxg5 {[%clk 00:00:37]} {[%emt 00:00:36]} 29.
hxg5 {[%clk 00:01:51]} {[%emt 00:00:25]} Kg7 {[%clk 00:00:44]} {[%emt
00:00:24]} 30. g3 {[%clk 00:01:43]} {[%emt 00:00:38]} Nxa3 {[%clk 00:00:39]}
{[%emt 00:00:36]} 31. bxa3 {[%clk 00:02:00]} {[%emt 00:00:12]} Rxc3 {[%clk
00:01:03]} {[%emt 00:00:06]} 32. Rxb5 {[%clk 00:01:29]} {[%emt 00:01:01]} Rxb5
{[%clk 00:01:07]} {[%emt 00:00:25]} 33. Bxb5 {[%clk 00:01:58]} {[%emt
00:00:02]} Rxg3+ {[%clk 00:01:30]} {[%emt 00:00:07]} 34. Kf2 {[%clk 00:01:58]}
{[%emt 00:00:30]} Rxa3 {[%clk 00:01:55]} {[%emt 00:00:05]} 35. Rb2 {[%clk
00:01:05]} {[%emt 00:01:22]} Ra1 {[%clk 00:01:09]} {[%emt 00:01:17]} 36. Be8
{[%clk 00:00:32]} {[%emt 00:01:03]} a3 {[%clk 00:00:57]} {[%emt 00:00:42]} 37.
Rb7 {[%clk 00:01:01]} a2 {[%clk 00:00:49]} {[%emt 00:00:39]} 38. Rxf7+ {[%clk
00:01:24]} {[%emt 00:00:06]} Kg8 {[%clk 00:01:09]} {[%emt 00:00:10]} 39. Rf6
{[%clk 00:00:42]} {[%emt 00:01:12]} Rc1 {[%clk 00:00:40]} {[%emt 00:00:59]} 40.
Bd7 {[%clk 00:00:47]} {[%emt 00:00:25]} Rc7 {[%clk 00:00:48]} {[%emt 00:00:22]}
41. Bxe6+ {[%clk 00:00:34]} {[%emt 00:00:44]} Kg7 {[%clk 00:01:15]} {[%emt
00:00:02]}  0-1